000
00244nam a22001097a 4500
008
170126b xxu||||| |||| 00| 0 eng d
020
_a
0918082064
041
_a
eng
080
_2
6TH
_a
61
245
_a
MATH FOR MEDS
_c
CURREN, A.M
942
_2
udc
_c
BK
999
_c
3765
_d
3765